Международный библиотечный, информационный и аналитический центр: новая политика партнерства в новом веке; Научные и технические библиотеки; № 3

Dades bibliogràfiques
Parent link:Научные и технические библиотеки: ежемесячный сборник по вопросам теории и практики библиотечного дела/ Государственная публичная научно-техническая библиотека России.— , 1994-.— 0130-9765
№ 3.— 2001.— С. 94-99
Autor principal: Шрайберг Я. Л. Яков Леонидович
Autor corporatiu: Государственная публичная научно-техническая библиотека России
Idioma:rus
Publicat: 2001
Col·lecció:Ежегодная конференция пользователей и партнеров Международного библиотечного, информационного и аналитического центра
Matèries:
Format: MixedMaterials Capítol de llibre
KOHA link:https://koha.lib.tpu.ru/cgi-bin/koha/opac-detail.pl?biblionumber=396139

MARC

LEADER 00000naa2a2200000 4500
001 396139
005 20231101064728.0
035 |a (RuTPU)RU\TPU\prd\33934 
035 |a RU\TPU\prd\33914 
090 |a 396139 
100 |a 20050321a2001 k y0rusy50 ca 
101 0 |a rus 
102 |a RU 
200 1 |a Международный библиотечный, информационный и аналитический центр: новая политика партнерства в новом веке  |f Я. Л. Шрайберг  |g Государственная публичная научно-техническая библиотека России 
225 1 |a Ежегодная конференция пользователей и партнеров Международного библиотечного, информационного и аналитического центра 
461 0 |0 (RuTPU)RU\TPU\prd\1594  |x 0130-9765  |t Научные и технические библиотеки  |o ежемесячный сборник по вопросам теории и практики библиотечного дела  |f Государственная публичная научно-техническая библиотека России  |d 1994- 
463 0 |0 (RuTPU)RU\TPU\prd\33318  |t № 3  |v С. 94-99  |d 2001 
610 1 |a Международный библиотечный информационный аналитический центр 
610 1 |a МБИАЦ 
610 1 |a проекты МБИАЦ 
610 1 |a политика партнерства 
610 1 |a партнерство 
610 1 |a информационная продукция 
610 1 |a русско-язычная диаспора 
610 1 |a межгосударственные программы 
700 1 |a Шрайберг  |b Я. Л.  |g Яков Леонидович 
712 0 2 |a Государственная публичная научно-техническая библиотека России  |2 stltpush  |3 (RuTPU)RU\TPU\col\602 
801 1 |a RU  |b 63413507  |c 20050311  |g PSBO 
801 2 |a RU  |b 63413507  |c 20060606  |g PSBO 
942 |c BK